000 00274nam a2200109Ia 4500
008 201231s9999 xx 000 0 und d
100 _aIreland, Bernard
245 0 _aJane's battle ships of the 20th Century
260 _aLondon
_bHarper Collins
300 _a192
942 _cBK
999 _c9412
_d9412